00571nam a2200133Ia 4500008004100000100002500041245010900066245011200175260005300287260001300340300000800353650001500361856006100376170221s9999 xx 000 0 und d aTatyana V. Terenteva aMethodical Review of the Social and Economic Development Rankings of the Region Based on Primorsky Krai  cTatyana V. Terenteva, Tatyana V. Varkulevich, Marina E. Vasilenko, Ekaterina G. Shumik, Kseniya V. Smitskih bInternational Review of Management and Marketing cMay 2013 a2:2 xMarketing. uhttp://www.econjournals.com/index.php/irmm/issue/view/88